Analýza trendov a rizík vo finančnom sektore na Slovensku za rok 2014

Makroekonomický pohľad na ekonomiku eurozóny. Integrovaný pohľad na slovenský finančný sektor. Vývoj v bankovom sektore. Vývoj v sektore poisťovní. Vývoj v ostatných sektoroch finančného trhu.

Gespeichert in:
Bibliographische Detailangaben
1. Verfasser: Latta, Pavol
Format: Buchkapitel
Sprache:Slowakisch
Schlagworte:
Tags: Tag hinzufügen
Keine Tags, Fügen Sie das erste Tag hinzu!

MARC

LEADER 00000naa a2200000 4500
001 0200337
005 20221019174208.5
041 0 |a slo 
044 |a SK 
245 1 0 |a Analýza trendov a rizík vo finančnom sektore na Slovensku za rok 2014  |c Pavol Latta 
520 |a Makroekonomický pohľad na ekonomiku eurozóny. Integrovaný pohľad na slovenský finančný sektor. Vývoj v bankovom sektore. Vývoj v sektore poisťovní. Vývoj v ostatných sektoroch finančného trhu. 
610 2 0 |a stabilita finančná 
610 2 0 |a eurozóna 
610 2 0 |a inflácia 
610 2 0 |a vývoj cenový 
610 2 0 |a trh finančný 
610 2 0 |a ukazovatele makroekonomické 
100 1 |a Latta, Pavol